Food poisoning and food hygiene (Record no. 1815)

000 -LEADER
fixed length control field 00896nam a2200301 a 4500
003 - CONTROL NUMBER IDENTIFIER
control field UkOxU
005 - DATE AND TIME OF LATEST TRANSACTION
control field 20210630092849.0
008 - FIXED-LENGTH DATA ELEMENTS--GENERAL INFORMATION
fixed length control field 500101s1993 enk 000 0 eng d
020 ## - INTERNATIONAL STANDARD BOOK NUMBER
International Standard Book Number 034053740X
040 ## - CATALOGING SOURCE
Transcribing agency ALUPE UNIVERSITY
050 ## - LIBRARY OF CONGRESS CALL NUMBER
Classification number TX537
Item number .H6 1993
092 ## - LOCALLY ASSIGNED DEWEY CALL NUMBER (OCLC)
Classification number D0501486013
100 1# - MAIN ENTRY--PERSONAL NAME
Personal name Hobbs, Betty C.
245 10 - TITLE STATEMENT
Title Food poisoning and food hygiene
250 ## - EDITION STATEMENT
Edition statement 6th ed. /
Remainder of edition statement Betty C. Hobbs and Diane Roberts
260 ## - PUBLICATION, DISTRIBUTION, ETC.
Place of publication, distribution, etc. London :
Name of publisher, distributor, etc. Edward Arnold,
Date of publication, distribution, etc. 1993
300 ## - PHYSICAL DESCRIPTION
Extent xiv, 391 p. :
Other physical details ill. ;
Dimensions 23 cm
500 ## - GENERAL NOTE
General note Previous ed.: 1987
504 ## - BIBLIOGRAPHY, ETC. NOTE
Bibliography, etc. note Includes bibliography and index
650 #0 - SUBJECT ADDED ENTRY--TOPICAL TERM
Topical term or geographic name entry element Food handling
650 #0 - SUBJECT ADDED ENTRY--TOPICAL TERM
Topical term or geographic name entry element Food poisoning
700 1# - ADDED ENTRY--PERSONAL NAME
Personal name Roberts, Diane,
Titles and other words associated with a name Ph. D.
942 ## - ADDED ENTRY ELEMENTS (KOHA)
Source of classification or shelving scheme
Koha item type Book
Suppress in OPAC SO
Holdings
Withdrawn status Lost status Source of classification or shelving scheme Damaged status Not for loan Permanent Location Current Location Shelving location Date acquired Total Checkouts Full call number Barcode Date last seen Price effective from Koha item type Public note
          AU LIBRARY AU LIBRARY Open Shelf 30.06.2021   TX537 .H6 1993 28001361 30.06.2021 30.06.2021 Book SO

Powered by Koha